000
00217nam a22000857a 4500
999
_c
11019
_d
11019
008
180721b ||||| |||| 00| 0 eng d
100
_a
Wells,H.G.
_9
6807
245
_a
The Invisible Man
260
_a
New Delhi
_b
Campfire
_c
2016